000 00528nam a22001937a 4500
005 20251108173424.0
008 250721s9999 xx 000 0 ara d
020 _a9628684485
082 1 4 _aط/542.1/عبد
100 1 _aعبد الله، يوسف عبد الغفار
_eEd.
245 1 0 _aتجارب علمية /
264 _b123 Publishing house،
300 _a72ص
650 1 7 _aالتجارب
650 1 7 _aالعلوم
653 _aناشاون صغار (10-14|) سنه
942 _2ddc
_cBK
999 _c103513
_d103513